| 000 | 00986nam a22003850a 4500 | ||
|---|---|---|---|
| 001 | PT57505 | ||
| 003 | AR-LpoUNG | ||
| 005 | 20210131231815.0 | ||
| 008 | 191001s2016||||ag |||||||||||||||||spa d | ||
| 020 |
_a9789877191011 _c$18 |
||
| 040 |
_aAR-LpoUNG _bspa _cAR-LpoUNG _eaacr |
||
| 041 | _aspa | ||
| 044 | _aag | ||
| 082 | 0 | _a982.065 918mus | |
| 100 | 1 | _aBuch, Esteban | |
| 245 | 1 | 0 |
_aMúsica, dictadura, resistencia : _bla Orquesta de París en Buenos Aires |
| 250 | _a1ra. ed. | ||
| 260 |
_aBuenos Aires : _bFondo de Cultura Económica, _c2016. |
||
| 300 |
_a301 p. : _btbls., fot. |
||
| 650 | 4 | _aARGENTINA | |
| 650 | 4 | _aARTE | |
| 650 | 4 | _aDEMOCRACIA | |
| 650 | 4 | _aDICTADURA | |
| 650 | 4 | _aESTADO | |
| 650 | 4 | _aFRANCIA | |
| 650 | 4 | _aGOBIERNO MILITAR | |
| 650 | 4 | _aHISTORIA | |
| 650 | 4 | _aHISTORIA POLITICA | |
| 650 | 4 | _aIDEOLOGIAS POLITICAS | |
| 650 | 4 | _aMUSICA | |
| 651 | 4 | _aArgentina | |
| 653 | _aMEMORIA COLECTIVA | ||
| 905 | _a57505 | ||
| 942 | _cLIB | ||
| 999 |
_c12072 _d12072 |
||